[Event "Sitges op 48th"]
[Site "Sitges"]
[Date "2024.07.24"]
[Round "3"]
[White "Tallada Serret, Gerard"]
[Black "Stevanic, David"]
[Result "0-1"]
[WhiteElo "1993"]
[BlackElo "2312"]
[PlyCount "80"]
[EventDate "2024.07.22"]
[EventType "swiss"]
[EventRounds "9"]
[EventCountry "ESP"]
[SourceTitle "CBM 221 Extra"]
[Source "ChessBase"]
[SourceDate "2024.09.30"]
[SourceVersion "1"]
[SourceVersionDate "2024.09.30"]
[SourceQuality "1"]

1. e4 e5 2. Bc4 Nf6 3. d3 Bc5 4. Nc3 c6 5. Nf3 d6 6. a3 Bb6 7. h3 0-0 8. 0-0 Nbd7 9. Be3 Re8 10. Ng5 Re7 11. Ba2 h6 12. Nf3 Nf8 13. Qd2 Be6 14. Nh4 d5 15. exd5 cxd5 16. d4 Ne4 17. Nxe4 dxe4 18. Bxe6 fxe6 19. Qe2 exd4 20. Bf4 g5 21. Qg4 Kh7 22. Be5 Qd5 23. Bf6 Rf7 24. c4 Qc6 25. Bxg5 hxg5 26. Qh5+ Kg8 27. Qxg5+ Rg7 28. Qe5 Nd7 29. Qh5 Qc5 30. Qe2 Nf6 31. Kh1 d3 32. Qe1 Qg5 33. g3 e3 34. b4 Bd4 35. Rb1 Ne4 36. Nf3 Qf5 37. Nxd4 Qxh3+ 38. Kg1 exf2+ 39. Rxf2 Rxg3+ 40. Rg2 Qxg2# 0-1

[Event "ESP-ch U12 rapid"]
[Site "Salobrena"]
[Date "2024.07.14"]
[Round "8"]
[White "Tallada Serret, Gerard"]
[Black "Sanchez Gonzalez, Diego"]
[Result "1/2-1/2"]
[WhiteElo "2043"]
[BlackElo "1891"]
[PlyCount "141"]
[EventDate "2024.07.13"]
[EventType "swiss (rapid)"]
[EventRounds "9"]
[EventCountry "ESP"]
[SourceTitle "EXT 2025"]
[Source "ChessBase"]
[SourceDate "2024.10.14"]
[SourceVersion "1"]
[SourceVersionDate "2024.10.14"]
[SourceQuality "1"]

1. e4 c5 2. Nf3 d6 3. c3 Nf6 4. Be2 e6 5. 0-0 a6 6. Re1 Be7 7. Bf1 0-0 8. d4 Nbd7 9. a4 Qc7 10. Bf4 b6 11. Nbd2 Bb7 12. h3 Rfd8 13. Rc1 Rac8 14. Bd3 h6 15. Nc4 b5 16. axb5 axb5 17. Na3 c4 18. Bb1 Qb6 19. Nd2 Nf8 20. Be3 Qc6 21. f3 Ng6 22. Nc2 Nh5 23. Nb4 Qc7 24. d5 exd5 25. exd5 Nhf4 26. Ne4 Qd7 27. Kh2 Bh4 28. Rf1 Re8 29. Qd2 f5 30. Bxf4 fxe4 31. Be3 Qe7 32. Bxe4 Qe5+ 33. Kh1 Nf8 34. Bf4 Qe7 35. g3 Bf6 36. Rce1 Qd7 37. Kg2 Be5 38. Bxe5 Rxe5 39. Nc6 Rh5 40. g4 Rg5 41. Qf4 Bxc6 42. dxc6 Qc7 43. h4 Ne6 44. Qg3 Re5 45. Bf5 Re8 46. f4 Nxf4+ 47. Qxf4 Rxe1 48. Rxe1 Rxe1 49. Bd7 Re7 50. Qf5 Qd8 51. Be6+ Kh8 52. Bd7 Re2+ 53. Kf1 Re5 54. Qf4 Qxh4 55. Qf8+ Kh7 56. Bf5+ Rxf5+ 57. Qxf5+ g6 58. Qf7+ Kh8 59. c7 Qh1+ 60. Kf2 Qh2+ 61. Ke3 Qg3+ 62. Qf3 Qe1+ 63. Qe2 Qg3+ 64. Kd2 Qf4+ 65. Kc2 Qf8 66. Kb1 Qa8 67. g5 hxg5 68. b3 cxb3 69. Qf2 Kg7 70. Qd4+ Kh7 71. Qf2 1/2-1/2

[Event "ESP-ch U12 rapid"]
[Site "Salobrena"]
[Date "2024.07.14"]
[Round "9"]
[White "Veiga Macias, Rodrigo"]
[Black "Tallada Serret, Gerard"]
[Result "0-1"]
[WhiteElo "1623"]
[BlackElo "2043"]
[PlyCount "81"]
[EventDate "2024.07.13"]
[EventType "swiss (rapid)"]
[EventRounds "9"]
[EventCountry "ESP"]
[SourceTitle "EXT 2025"]
[Source "ChessBase"]
[SourceDate "2024.10.14"]
[SourceVersion "1"]
[SourceVersionDate "2024.10.14"]
[SourceQuality "1"]

1. e4 c5 2. Nf3 Nc6 3. d4 cxd4 4. Nxd4 e5 5. Nb5 d6 6. c4 Be7 7. Be3 Be6 8. Be2 Nf6 9. N1c3 a6 10. Na3 0-0 11. 0-0 Rc8 12. f3 Nd4 13. Bxd4 exd4 14. Nd5 Bxd5 15. cxd5 Qb6 16. Nc4 Qa7 17. Qb3 d3+ 18. Kh1 dxe2 19. Rfe1 Qc5 20. Rac1 b5 21. Rxe2 bxc4 22. Qc3 Nd7 23. Rec2 Bf6 24. Qd2 Nb6 25. g4 Qd4 26. Qg2 h6 27. h3 Rfe8 28. Rd2 Qe5 29. Re2 Nxd5 30. Rd2 Nf4 31. Qf1 Nd3 32. Rcd1 Bg5 33. Rc2 Qg3 34. a3 Be3 35. Qg2 Nf2+ 36. Rxf2 Bxf2 37. Qxg3 Bxg3 38. Kg2 Be5 39. Rd2 Rb8 40. Kf1 Rxb2 41. Rd5 0-1

[Event "ESP-ch U12 rapid"]
[Site "Salobrena"]
[Date "2024.07.13"]
[Round "2"]
[White "Loriente Galiano, Eric"]
[Black "Tallada Serret, Gerard"]
[Result "0-1"]
[WhiteElo "1620"]
[BlackElo "2043"]
[PlyCount "68"]
[EventDate "2024.07.13"]
[EventType "swiss (rapid)"]
[EventRounds "9"]
[EventCountry "ESP"]
[SourceTitle "EXT 2025"]
[Source "ChessBase"]
[SourceDate "2024.10.14"]
[SourceVersion "1"]
[SourceVersionDate "2024.10.14"]
[SourceQuality "1"]

1. e4 c5 2. Nf3 Nc6 3. d3 g6 4. Nbd2 Bg7 5. g3 e6 6. Bg2 Nge7 7. 0-0 d5 8. Re1 0-0 9. exd5 exd5 10. c3 Bf5 11. Nb3 b6 12. Bg5 h6 13. Bf4 Rc8 14. Qd2 Kh7 15. Ne5 g5 16. Nxc6 Nxc6 17. Be3 d4 18. cxd4 cxd4 19. Bxc6 dxe3 20. Qc2 Bxd3 21. Qc1 exf2+ 22. Kxf2 Qf6+ 23. Kg1 Qxc6 24. Qe3 Bg6 25. Rac1 Qb7 26. Qf2 Rxc1 27. Rxc1 Rc8 28. Qe3 Rxc1+ 29. Nxc1 Qd5 30. Nb3 Qd1+ 31. Kg2 Qc2+ 32. Kh3 g4+ 33. Kxg4 Qf5+ 34. Kh4 Qh5# 0-1

[Event "ESP-ch U12"]
[Site "Salobrena"]
[Date "2024.07.10"]
[Round "4"]
[White "Lirola Gimeno, Manuel Jaime"]
[Black "Tallada Serret, Gerard"]
[Result "0-1"]
[WhiteElo "1719"]
[BlackElo "1993"]
[PlyCount "62"]
[EventDate "2024.07.08"]
[EventType "swiss"]
[EventRounds "9"]
[EventCountry "ESP"]
[SourceTitle "EXT 2025"]
[Source "ChessBase"]
[SourceDate "2024.10.14"]
[SourceVersion "1"]
[SourceVersionDate "2024.10.14"]
[SourceQuality "1"]

1. e4 c6 2. d4 d5 3. e5 c5 4. dxc5 e6 5. Be3 Nd7 6. Bb5 Ne7 7. Nf3 Nc6 8. Bxc6 bxc6 9. b4 Ba6 10. c3 Qc7 11. Bd4 Be7 12. Nbd2 Rb8 13. a3 f6 14. Nh4 0-0 15. Qg4 Nxe5 16. Qxe6+ Kh8 17. Bxe5 fxe5 18. Qh3 Rf6 19. Nf5 Rbf8 20. Nxe7 Qxe7 21. Qe3 Rxf2 22. Qxf2 Rxf2 23. Kxf2 Qf6+ 24. Ke1 e4 25. Rc1 Qg5 26. c4 Bxc4 27. Rc3 Qxg2 28. Nxc4 Qxh1+ 29. Kd2 dxc4 30. Rxc4 Qxh2+ 31. Ke3 Qg3+ 0-1

[Event "ESP-ch U12"]
[Site "Salobrena"]
[Date "2024.07.08"]
[Round "1"]
[White "Tallada Serret, Gerard"]
[Black "Kowalski Rubiales, Leo"]
[Result "1-0"]
[WhiteElo "1993"]
[BlackElo "1593"]
[PlyCount "105"]
[EventDate "2024.07.08"]
[EventType "swiss"]
[EventRounds "9"]
[EventCountry "ESP"]
[SourceTitle "EXT 2025"]
[Source "ChessBase"]
[SourceDate "2024.10.14"]
[SourceVersion "1"]
[SourceVersionDate "2024.10.14"]
[SourceQuality "1"]

1. e4 c6 2. d4 d5 3. Nc3 dxe4 4. Nxe4 Nd7 5. Nf3 Ndf6 6. Ng3 Bg4 7. c3 Qd5 8. Be2 e6 9. h3 Bxf3 10. Bxf3 Qa5 11. Qb3 Qb6 12. Qa4 Bd6 13. Ne2 Ne7 14. 0-0 0-0 15. c4 c5 16. Be3 Rfb8 17. Rac1 Nc6 18. Rfd1 h6 19. Qb5 cxd4 20. Nxd4 Nxd4 21. Bxd4 Qxb5 22. cxb5 e5 23. Bc3 Ne8 24. Rc2 Kf8 25. Re2 f6 26. Red2 Ke7 27. Bh5 Bc5 28. Rd7+ Ke6 29. Bf7+ Kf5 30. Bd5 Kg6 31. Bxb7 Rxb7 32. Rxb7 Nd6 33. Rc7 Bb6 34. Rc6 Nf7 35. Kf1 Re8 36. a4 Kf5 37. a5 Bd8 38. Rd7 Kg6 39. Rxa7 h5 40. b6 Ng5 41. b7 Bxa5 42. Ra8 Rxa8 43. bxa8Q Bxc3 44. Qe8+ Kf5 45. Rxc3 Ne4 46. Rf3+ Kg5 47. g4 hxg4 48. hxg4 g6 49. Rf5+ Kxg4 50. Qxg6+ Ng5 51. Qxf6 e4 52. Rxg5+ Kh4 53. Qh6# 1-0

[Event "EU-ch Schools U13"]
[Site "Limerick"]
[Date "2024.06.04"]
[Round "6"]
[White "Tallada Serret, Gerard"]
[Black "Dogan, Umut Anil"]
[Result "0-1"]
[WhiteElo "2081"]
[BlackElo "1957"]
[PlyCount "70"]
[EventDate "2024.05.31"]
[EventType "swiss"]
[EventRounds "9"]
[EventCountry "IRL"]
[SourceTitle "CBM 220 Extra"]
[Source "ChessBase"]
[SourceDate "2024.07.31"]
[SourceVersion "1"]
[SourceVersionDate "2024.07.31"]
[SourceQuality "1"]

1. e4 c6 2. d4 d5 3. Nd2 g6 4. c3 Bg7 5. e5 Nh6 6. Nb3 0-0 7. Bd2 f6 8. Qc1 Nf7 9. f4 Bf5 10. Nf3 fxe5 11. fxe5 e6 12. Be2 Nd7 13. 0-0 a5 14. Be3 a4 15. Nbd2 b5 16. b3 Qb6 17. c4 Nfxe5 18. Nxe5 Nxe5 19. c5 Qb8 20. Bf4 Nd3 21. Bxd3 Bxd4+ 22. Kh1 e5 23. Bh6 Bxa1 24. Bxf8 Bxd3 25. Rf3 Be4 26. Bd6 Qa7 27. Nxe4 dxe4 28. Rf1 Bd4 29. b4 e3 30. Qd1 Qd7 31. Qf3 Qf5 32. Qe2 Qe4 33. a3 Ra7 34. Qf3 Qxf3 35. gxf3 Bc3 0-1

[Event "EU-ch Schools U13"]
[Site "Limerick"]
[Date "2024.06.02"]
[Round "3"]
[White "Celik, Ali Alper"]
[Black "Tallada Serret, Gerard"]
[Result "1/2-1/2"]
[WhiteElo "2102"]
[BlackElo "2081"]
[PlyCount "50"]
[EventDate "2024.05.31"]
[EventType "swiss"]
[EventRounds "9"]
[EventCountry "IRL"]
[SourceTitle "CBM 220 Extra"]
[Source "ChessBase"]
[SourceDate "2024.07.31"]
[SourceVersion "1"]
[SourceVersionDate "2024.07.31"]
[SourceQuality "1"]

1. e4 c6 2. d4 d5 3. f3 Qb6 4. Nc3 e5 5. dxe5 Bc5 6. Na4 Qa5+ 7. c3 Bxg1 8. Rxg1 dxe4 9. Qd4 Qd5 10. fxe4 Qe6 11. Bg5 Nd7 12. 0-0-0 Ne7 13. Bf4 0-0 14. Nc5 Nxc5 15. Qxc5 Ng6 16. Bc4 Qg4 17. Bg3 Qxe4 18. Qd4 Qf5 19. Rgf1 Qg5+ 20. Qd2 Qxd2+ 21. Rxd2 Be6 22. Bxe6 fxe6 23. Rfd1 Rae8 24. a4 Rf5 25. Rd7 Rf7 1/2-1/2

[Event "EU-ch Schools U13"]
[Site "Limerick"]
[Date "2024.06.01"]
[Round "2"]
[White "Tallada Serret, Gerard"]
[Black "Golebiowski, Jakub"]
[Result "1-0"]
[WhiteElo "2081"]
[BlackElo "1672"]
[PlyCount "83"]
[EventDate "2024.05.31"]
[EventType "swiss"]
[EventRounds "9"]
[EventCountry "IRL"]
[SourceTitle "CBM 220 Extra"]
[Source "ChessBase"]
[SourceDate "2024.07.31"]
[SourceVersion "1"]
[SourceVersionDate "2024.07.31"]
[SourceQuality "1"]

1. Nf3 Nf6 2. b3 b6 3. Bb2 Bb7 4. e3 g6 5. d4 Bg7 6. Nbd2 0-0 7. c4 d5 8. Qc2 Nbd7 9. c5 c6 10. Be2 Re8 11. 0-0 Qc8 12. b4 Ba6 13. Bxa6 Qxa6 14. a4 Rac8 15. Rfc1 Qb7 16. Bc3 a6 17. Nb3 Ne4 18. Be1 e5 19. cxb6 Nxb6 20. Na5 Qd7 21. dxe5 Bxe5 22. Nxe5 Rxe5 23. Nxc6 Re6 24. b5 Nc4 25. Rd1 Ne5 26. Nxe5 Rxe5 27. Qb2 Rg5 28. f3 Nc5 29. h4 Rf5 30. b6 Nxa4 31. Qd4 Nc5 32. Bc3 f6 33. Rab1 Qc6 34. Qd2 Rh5 35. Bd4 Rxh4 36. Rdc1 Qd6 37. Bxc5 Rxc5 38. Rxc5 Qh2+ 39. Kf2 Rh3 40. Qxd5+ Kg7 41. Qd7+ Kh6 42. Qxh3+ 1-0

[Event "ESP-ch Catalunya U12"]
[Site "Cambrils"]
[Date "2024.03.25"]
[Round "5"]
[White "Tallada Serret, Gerard"]
[Black "Hijarrubia Alvarez, Cuevas Gonzalo"]
[Result "1/2-1/2"]
[WhiteElo "2085"]
[BlackElo "1827"]
[PlyCount "71"]
[EventDate "2024.03.23"]
[EventType "swiss"]
[EventRounds "9"]
[EventCountry "ESP"]
[SourceTitle "EXT 2025"]
[Source "ChessBase"]
[SourceDate "2024.10.14"]
[SourceVersion "1"]
[SourceVersionDate "2024.10.14"]
[SourceQuality "1"]

1. e4 c5 2. Nf3 a6 3. c3 d5 4. exd5 Qxd5 5. d4 e6 6. Be2 Nf6 7. 0-0 Be7 8. h3 Nc6 9. Be3 cxd4 10. cxd4 0-0 11. Nc3 Qd6 12. Qd2 Rd8 13. Rac1 b5 14. Bf4 Qd7 15. Rfd1 Bb7 16. Qc2 Rac8 17. Qb1 Qe8 18. Bd3 Nb4 19. Be2 h6 20. Ne5 Nbd5 21. Bg3 Nxc3 22. bxc3 Ba3 23. Rc2 Be4 24. Bd3 Bxd3 25. Rxd3 Bd6 26. Rf3 Rc7 27. Bh4 Be7 28. Qc1 Nd7 29. Bxe7 Nxe5 30. dxe5 Qxe7 31. Rg3 Kh8 32. Kh2 Rd5 33. Qf4 Rc4 34. Qe3 Qc5 35. Qf3 Qc7 36. Re2 1/2-1/2

[Event "ESP-ch Catalunya U12"]
[Site "Cambrils"]
[Date "2024.03.25"]
[Round "4"]
[White "Villa Peiro, Joan"]
[Black "Tallada Serret, Gerard"]
[Result "0-1"]
[WhiteElo "1720"]
[BlackElo "2085"]
[PlyCount "64"]
[EventDate "2024.03.23"]
[EventType "swiss"]
[EventRounds "9"]
[EventCountry "ESP"]
[SourceTitle "EXT 2025"]
[Source "ChessBase"]
[SourceDate "2024.10.14"]
[SourceVersion "1"]
[SourceVersionDate "2024.10.14"]
[SourceQuality "1"]

1. d4 d5 2. Bf4 c5 3. e3 Nc6 4. Nf3 Bg4 5. Be2 e6 6. Nbd2 Bd6 7. Bxd6 Qxd6 8. dxc5 Qxc5 9. a3 a5 10. b4 Qc3 11. b5 Ne5 12. 0-0 Nxf3+ 13. Nxf3 Nf6 14. Nd4 Bxe2 15. Qxe2 0-0 16. Qd3 Rfc8 17. Rac1 Qc5 18. a4 Rc7 19. Nb3 Qc4 20. Qd4 Nd7 21. Nd2 Qxd4 22. exd4 Rac8 23. Nb3 b6 24. f4 Nf6 25. c3 g6 26. Rf3 Rc4 27. Ra1 Ne4 28. Rc1 Rxa4 29. Kh1 Rac4 30. h3 a4 31. Na1 Nxc3 32. Rd3 Nxb5 0-1

[Event "ESP-ch Catalunya U12"]
[Site "Cambrils"]
[Date "2024.03.24"]
[Round "2"]
[White "Puignero Garcia, Anton"]
[Black "Tallada Serret, Gerard"]
[Result "0-1"]
[WhiteElo "1544"]
[BlackElo "2085"]
[PlyCount "112"]
[EventDate "2024.03.23"]
[EventType "swiss"]
[EventRounds "9"]
[EventCountry "ESP"]
[SourceTitle "EXT 2025"]
[Source "ChessBase"]
[SourceDate "2024.10.14"]
[SourceVersion "1"]
[SourceVersionDate "2024.10.14"]
[SourceQuality "1"]

1. e4 c5 2. Nf3 Nc6 3. d4 cxd4 4. Nxd4 e5 5. Nb5 d6 6. Bc4 a6 7. N5c3 Be7 8. Nd2 Nf6 9. h3 Be6 10. Bd5 Nb4 11. Nf1 Nc6 12. Ng3 Rc8 13. a3 Qb6 14. Rb1 0-0 15. 0-0 Qc7 16. Be3 b5 17. f4 Rfd8 18. Qd2 Na5 19. Qf2 Nc4 20. f5 Bxd5 21. Nxd5 Nxd5 22. exd5 Nxe3 23. Qxe3 Qc5 24. Qxc5 Rxc5 25. c3 Rxd5 26. Rbd1 Rxd1 27. Rxd1 d5 28. Re1 Bc5+ 29. Kh2 f6 30. Rd1 Kf7 31. Ne4 Bb6 32. Nf2 Bxf2 33. g4 Bb6 34. Kg2 d4 35. Kf3 dxc3 36. Rxd8 Bxd8 37. bxc3 Ba5 38. Ke4 Bxc3 39. Kd3 Bb2 40. Kc2 Bxa3 41. Kb3 Bc5 42. h4 a5 43. g5 fxg5 44. hxg5 a4+ 45. Ka2 e4 46. g6+ hxg6 47. fxg6+ Kxg6 48. Kb2 a3+ 49. Kc2 e3 50. Kd3 a2 51. Ke4 a1Q 52. Kd5 Qd4+ 53. Kc6 e2 54. Kc7 e1Q 55. Kc6 Qe6+ 56. Kxb5 Qb4# 0-1

[Event "Iberoamerican-ch Rapid"]
[Site "Sant Boi de Llobregat"]
[Date "2023.12.09"]
[Round "1"]
[White "Tallada Serret, Gerard"]
[Black "Henriquez Villagra, Cristobal"]
[Result "0-1"]
[WhiteElo "2020"]
[BlackElo "2607"]
[PlyCount "96"]
[EventDate "2023.12.09"]
[EventType "swiss (rapid)"]
[EventRounds "9"]
[EventCountry "ESP"]
[SourceTitle "CBM 217 Extra"]
[Source "ChessBase"]
[SourceDate "2024.01.31"]
[SourceVersion "1"]
[SourceVersionDate "2024.01.31"]
[SourceQuality "1"]

1. e4 c5 2. c3 e6 3. d4 d5 4. e5 Bd7 5. Nf3 Qb6 6. Bd3 Bb5 7. Bxb5+ Qxb5 8. Qe2 Qxe2+ 9. Kxe2 Nc6 10. Be3 b6 11. Nbd2 f6 12. exf6 gxf6 13. Nb3 cxd4 14. Nfxd4 Nxd4+ 15. Nxd4 Kf7 16. Rad1 Bc5 17. Rhe1 Ne7 18. Kf1 Bxd4 19. Rxd4 Rac8 20. Ra4 Rc7 21. Rd1 e5 22. Rg4 h5 23. Rg3 Rc4 24. Rf3 Ke6 25. Bc1 Ra4 26. a3 Rc4 27. Rfd3 Rhc8 28. Be3 R8c7 29. h3 b5 30. Ke2 Rb7 31. b4 e4 32. R3d2 Rxc3 33. Bc5 Ng6 34. g3 Rd7 35. Ra2 Ne5 36. a4 Nd3 37. axb5 Nc1+ 38. Rxc1 Rxc1 39. Ra6+ Ke5 40. Rc6 Rc2+ 41. Ke3 Rc3+ 42. Ke2 d4 43. Rc8 Kd5 44. Rf8 Kc4 45. Rxf6 Kb3 46. Rf4 Kc2 47. Rxe4 d3+ 48. Kf1 d2 0-1

[Event "ESP-ch U12"]
[Site "Salobrena"]
[Date "2023.07.12"]
[Round "4"]
[White "Tallada Serret, Gerard"]
[Black "Gonzalez Chapado, Dario"]
[Result "1/2-1/2"]
[WhiteElo "1858"]
[BlackElo "1561"]
[PlyCount "61"]
[EventDate "2023.07.10"]
[EventType "swiss"]
[EventRounds "9"]
[EventCountry "ESP"]
[SourceTitle "EXT 2024"]
[Source "ChessBase"]
[SourceDate "2023.10.10"]
[SourceVersion "1"]
[SourceVersionDate "2023.10.10"]
[SourceQuality "1"]

1. e4 c5 2. Nf3 g6 3. c4 Nc6 4. d4 cxd4 5. Nxd4 Nf6 6. Nc3 d6 7. Be2 Nxd4 8. Qxd4 Bg7 9. Be3 0-0 10. Qd2 Be6 11. f3 Qa5 12. Rc1 Rfc8 13. b3 a6 14. Na4 Qxd2+ 15. Kxd2 Nd7 16. g4 Rc6 17. Rhg1 Nc5 18. Nc3 b5 19. Nd5 Bxd5 20. cxd5 Rcc8 21. Ke1 Nd7 22. Kf2 Bb2 23. Rcd1 Rc2 24. Rd2 Rac8 25. Rgd1 Ba3 26. Rxc2 Rxc2 27. Rd2 Rc1 28. Rd1 Rc2 29. Rd2 Rc1 30. Rd1 Rc2 31. Rd2 1/2-1/2

[Event "ESP-ch U10 Rapid"]
[Site "Salobrena"]
[Date "2022.07.10"]
[Round "6"]
[White "Gonzalez Lopez, Lucas I"]
[Black "Tallada Serret, Gerard"]
[Result "1-0"]
[WhiteElo "1612"]
[BlackElo "1764"]
[PlyCount "139"]
[EventDate "2022.07.09"]
[EventType "swiss (rapid)"]
[EventRounds "9"]
[EventCountry "ESP"]
[SourceTitle "EXT 2023"]
[Source "ChessBase"]
[SourceDate "2022.10.05"]
[SourceVersion "1"]
[SourceVersionDate "2022.10.05"]
[SourceQuality "1"]

1. d4 d5 2. c4 c6 3. Nf3 Nf6 4. Nc3 dxc4 5. a4 e6 6. e3 Bd6 7. Bxc4 h6 8. 0-0 0-0 9. Qe2 Re8 10. e4 e5 11. dxe5 Bxe5 12. Nxe5 Rxe5 13. Bf4 Re8 14. Rfd1 Qb6 15. a5 Qc5 16. Bd6 Qg5 17. e5 Bh3 18. f4 Qg6 19. Bd3 Bf5 20. Bxf5 Qxf5 21. Qd3 Qxd3 22. Rxd3 Nh7 23. Rad1 Na6 24. Na4 Rac8 25. Rb3 Nc7 26. Bxc7 Rxc7 27. Nc5 Ree7 28. Rd8+ Nf8 29. Rb8 g5 30. g3 gxf4 31. gxf4 Kg7 32. R3xb7 Rxb7 33. Rxb7 Rxb7 34. Nxb7 Ng6 35. Nd8 c5 36. Nc6 a6 37. f5 Nf4 38. Nb8 Nd3 39. Nxa6 c4 40. Nc7 Nxe5 41. Nd5 Nc6 42. a6 h5 43. Kf2 Kh6 44. Ke3 Kg5 45. Ke4 Kg4 46. Ne3+ Kh3 47. Nxc4 Kxh2 48. Ne3 h4 49. b4 Na7 50. Kf3 Kh3 51. f6 Nb5 52. Nf5 Kh2 53. Nxh4 Kh3 54. Ng6 Nd4+ 55. Ke4 Nb5 56. Ne5 Kh4 57. Nxf7 Kh5 58. Ke5 Kg6 59. Nd6 Na7 60. b5 Kh7 61. Ke6 Kg8 62. b6 Nc6 63. a7 Nd8+ 64. Kd7 Kf8 65. a8Q Kg8 66. Qxd8+ Kh7 67. f7 Kg6 68. f8Q Kh5 69. Qg8 Kh6 70. Qh4# 1-0

[Event "ESP-ch U10"]
[Site "Salobrena"]
[Date "2022.07.06"]
[Round "5"]
[White "Otazu Casanes, Abel"]
[Black "Tallada Serret, Gerard"]
[Result "0-1"]
[WhiteElo "1174"]
[BlackElo "1764"]
[PlyCount "128"]
[EventDate "2022.07.04"]
[EventType "swiss"]
[EventRounds "9"]
[EventCountry "ESP"]
[SourceTitle "EXT 2023"]
[Source "ChessBase"]
[SourceDate "2022.10.05"]
[SourceVersion "1"]
[SourceVersionDate "2022.10.05"]
[SourceQuality "1"]

1. e4 c6 2. d4 d5 3. Nc3 dxe4 4. Nxe4 Nf6 5. Nxf6+ exf6 6. c3 Bd6 7. Bd3 0-0 8. Qc2 h6 9. Ne2 Re8 10. 0-0 Bg4 11. Re1 Qc7 12. h3 Bxe2 13. Rxe2 Nd7 14. Be3 Re7 15. Rae1 Rae8 16. Bc1 c5 17. d5 c4 18. Rxe7 Rxe7 19. Rxe7 Bxe7 20. Be4 Nc5 21. Be3 Qe5 22. f3 f5 23. Bd4 Qg3 24. Bf2 Qd6 25. Bxf5 Qxd5 26. Be4 Nxe4 27. fxe4 Qg5 28. Bxa7 Qa5 29. Bd4 Qxa2 30. Qe2 b5 31. Qg4 Bf8 32. Qe2 Qa8 33. e5 Qd5 34. Qf3 Qxf3 35. gxf3 Be7 36. f4 Bh4 37. Bf2 Be7 38. f5 Kf8 39. Be3 Ke8 40. f6 gxf6 41. exf6 Bf8 42. Kg2 Kd7 43. Kf3 Ke6 44. Bd4 Kf5 45. Ke2 h5 46. Kf3 Bh6 47. Be3 Bf8 48. Bd4 Bd6 49. h4 Bf4 50. Be3 Be5 51. Bg5 Bxf6 52. Bxf6 Kxf6 53. Ke3 Ke5 54. Kf3 f5 55. Ke3 f4+ 56. Kf2 Ke4 57. Ke2 f3+ 58. Kf2 Kf4 59. Kf1 Ke3 60. Ke1 f2+ 61. Kf1 Kf3 62. b4 cxb3 63. c4 b2 64. cxb5 b1Q# 0-1